000 00309nam a22001337a 4500
005 20250718130626.0
008 250718b |||||||| |||| 00| 0 eng d
050 _aBS2680
_bPOL
100 _aPOLICE FLOYD
245 _aSET FREE TO STAY FREE
260 _aUSA
_c1983
300 _aiii, 171p
942 _2lcc
_cBK
_n0
999 _c7050
_d7050